Countries Closest to Japan - 15 Second Sprint - Statistics

General Stats
  • This quiz has been taken 117 times
  • The average score is 6 of 20
Answer Stats
km country % Correct
331 China
89%
50 South Korea
85%
420 North Korea
79%
43 Russia
76%
107 Taiwan
61%
568 Philippines
38%
1558 Vietnam
34%
1640 Mongolia
33%
2195 United States
25%
2041 Thailand
20%
1864 Laos
18%
2192 Indonesia
14%
1984 Malaysia
14%
1943 Cambodia
9%
2578 India
6%
2251 Myanmar
6%
2128 Palau
5%
2309 Brunei
4%
3073 Bangladesh
1%
2136 Micronesia
1%
No matching quizzes found
Score Distribution
Percent of People with Each Score
Percentile by Number Answered
Your Score History
You have not taken this quiz